[Event "AUTO-OPEN-1125"]
[Site "http://www.queenalice.com/game.php?id=400037"]
[Date "2008.5.8"]
[Round "1"]
[White "blauw_meisje"]
[Black "Coronado"]
[Result "0-1"]
[WhiteElo "1287"]
[BlackElo "1631"]

1. g4 e5 2. Bg2 Nc6 3. d3 d5 4. Nc3 Nf6 5. Bg5 Bxg4 6. Nb5 Be7 7. b4 Bxb4+ 8.
Kf1 a6 9. Nxc7+ Qxc7 10. Qb1 O-O 11. Qb3 e4 12. dxe4 Nxe4 13. Bxe4 dxe4 14. h3
Qe5 15. Rd1 Qxg5 16. hxg4 Qxg4 17. Qd5 Rad8 18. Qb3 Rxd1# 0-1

[Event "AUTO-OPEN-1125"]
[Site "http://www.queenalice.com/game.php?id=400038"]
[Date "2008.5.8"]
[Round "1"]
[White "Coronado"]
[Black "MrRonMosley"]
[Result "1-0"]
[WhiteElo "1608"]
[BlackElo "1648"]

1. e4 g5 2. d4 f6 3. c4 h5 4. Nc3 h4 5. c5 d6 6. Bc4 Nh6 7. Qh5+ Kd7 8. cxd6
exd6 9. d5 Qe7 10. Nf3 a6 11. O-O Qg7 12. a4 Kd8 13. Be3 Bg4 14. Nd4 Bxh5 15.
Ne6+ Kd7 16. Nxg7 Bxg7 17. f4 g4 18. b4 f5 19. e5 dxe5 20. b5 exf4 21. Bxf4 Bxc3
22. Bxh6 Bxa1 23. Bg5 axb5 24. Bxb5+ c6 25. dxc6+ bxc6 26. Rd1+ Ke6 27. Bc4+ Ke5
28. Rxa1 h3 29. Re1+ Kd4 30. Be6 Rg8 31. Bxg8 Rxa4 32. Bf6+ Kd3 33. Bb3 Rb4 34.
Be6 Re4 35. Bxf5 hxg2 36. Bxe4+ Kd2 37. Kf2 Nd7 38. Re2+ Kd1 39. Bc2+ Kc1 40.
Bg5+ Kb2 41. Kxg2 c5 42. Bf5+ Kb3 43. Bxd7 c4 44. Kg3 c3 45. Be6+ Kb4 46. Be7+
Kb5 47. Re5+ Ka4 48. Rxh5 c2 49. Rc5 c1=Q 50. Rxc1 Kb5 51. Rc4 Kb6 52. Rc5 Kb7
53. Bd8 Kb8 54. Rc7 Ka8 55. Rd7 Kb8 56. Bb6 Kc8 57. Kxg4 Kb8 58. Bd5 Kc8 59.
Rd8# 1-0

[Event "AUTO-OPEN-1125"]
[Site "http://www.queenalice.com/game.php?id=400039"]
[Date "2008.5.8"]
[Round "1"]
[White "MrRonMosley"]
[Black "Coronado"]
[Result "0-1"]
[WhiteElo "1605"]
[BlackElo "1602"]

1. d4 d5 2. e3 Bf5 3. Bd3 Nh6 4. Nc3 Nc6 5. Bxf5 Nxf5 6. Qd3 e6 7. f4 Be7 8. Nf3
O-O 9. g4 Bh4+ 10. Nxh4 Qxh4+ 11. Kf1 Ng3+ 12. Kg2 Nxh1 13. Kxh1 Qxg4 14. Nb5
Qf3+ 15. Kg1 Nb4 16. Qc3 Qd1+ 17. Kg2 Nxc2 18. b3 Nxa1 19. Qxa1 Qe2+ 20. Kg3
Qxb5 21. h4 f5 22. h5 Qf1 23. Kh4 Qf3 24. Ba3 Qg4# 0-1

[Event "Challenge"]
[Site "http://www.queenalice.com/game.php?id=425106"]
[Date "2008.6.29"]
[Round "-"]
[White "Menalque"]
[Black "Coronado"]
[Result "1-0"]
[WhiteElo "1875"]
[BlackElo "1610"]

1. d4 d5 2. c4 e5 3. e3 c5 4. Nf3 cxd4 5. exd4 e4 6. Qe2 Bb4+ 7. Nc3 Qa5 8. Bd2
Ne7 9. Ne5 O-O 10. Nxd5 Nxd5 11. cxd5 Bxd2+ 12. Qxd2 Qxd5 13. Bc4 Qd6 14. O-O
Nc6 15. Nxc6 bxc6 16. Qe3 Qg6 17. Rac1 Rb8 18. b3 Be6 19. Bxe6 fxe6 20. Rxc6 a5
21. Qg3 Rb5 22. Qxg6 hxg6 23. Rxe6 Rc8 24. Rxe4 Rc2 25. Rd1 Rxa2 26. Kf1 Rxb3
27. d5 Rbb2 28. d6 Rd2 29. Rxd2 Rxd2 30. Ra4 Rd5 31. d7 g5 32. d8=Q+ Rxd8 33.
Rxa5 g4 34. Ra4 Rd1+ 35. Ke2 Rh1 36. Rxg4 Rxh2 37. f3 Kh7 38. Kf2 Kh6 39. Ke3 g5
40. Ke4 Rh4 41. Kf5 Rxg4 42. Kxg4 Kg6 43. g3 Kh6 44. f4 gxf4 45. gxf4 Kg6 46.
f5+ Kf6 47. Kf4 Kf7 48. Ke5 Ke7 49. f6+ Kd7 50. Kf5 Ke8 51. Ke6 Kf8 52. f7 Kg7
53. Ke7 Kg6 54. f8=Q Kg5 55. Ke6 Kg4 56. Qf2 1-0

[Event "AUTO-OPEN-1178"]
[Site "http://www.queenalice.com/game.php?id=425126"]
[Date "2008.6.29"]
[Round "1"]
[White "jcbraga"]
[Black "Coronado"]
[Result "1-0"]
[WhiteElo "1808"]
[BlackElo "1627"]

1. e4 e5 2. Nf3 Nc6 3. Bc4 Bc5 4. d3 f6 5. O-O a6 6. Be3 Bxe3 7. fxe3 Nh6 8.
Nbd2 b5 9. Bd5 d6 10. Bxc6+ Bd7 11. Bxa8 Qxa8 12. d4 O-O 13. d5 Ng4 14. Qe2 Qe8
15. h3 Nh6 16. Nh4 f5 17. exf5 Nxf5 18. Nxf5 Bxf5 19. e4 Bg6 20. Rxf8+ Qxf8 21.
Rf1 Qe8 22. c4 c5 23. cxb5 axb5 24. Nf3 b4 25. Nh4 Bh5 26. Qf2 1-0

[Event "AUTO-OPEN-1178"]
[Site "http://www.queenalice.com/game.php?id=425127"]
[Date "2008.6.29"]
[Round "1"]
[White "Coronado"]
[Black "jcbraga"]
[Result "0-1"]
[WhiteElo "1637"]
[BlackElo "1798"]

1. e4 e5 2. Bc4 d6 3. Nf3 Be6 4. Na3 Bxc4 5. Nxc4 Nf6 6. d3 Be7 7. O-O O-O 8. d4
exd4 9. Nxd4 Nxe4 10. Qh5 Nc6 11. Be3 Nxd4 12. Bxd4 Bf6 13. Rad1 Bxd4 14. Rxd4
Nf6 15. Qh3 b5 16. Ne3 c5 17. Rdd1 a5 18. c4 b4 19. Nf5 Ra6 20. Qg3 Nh5 21. Qg4
g6 22. Ng3 Nxg3 23. fxg3 Qe7 24. Rfe1 Qc7 0-1

[Event "AUTO-OPEN-1178"]
[Site "http://www.queenalice.com/game.php?id=425150"]
[Date "2008.6.29"]
[Round "1"]
[White "camilleetgeorges"]
[Black "Coronado"]
[Result "1/2-1/2"]
[WhiteElo "1725"]
[BlackElo "1592"]

1. Nf3 Nc6 2. c4 e5 3. e4 Bc5 4. d3 Nf6 5. Bg5 O-O 6. a3 h6 7. Bd2 Ng4 8. Be3
Bxe3 9. fxe3 Nxe3 10. Qe2 Nd4 11. Nxd4 exd4 12. b4 Qh4+ 13. g3 Qg4 14. Ra2 f5
15. Nd2 f4 16. Qxg4 Nxg4 17. Be2 d6 18. Bxg4 Bxg4 19. gxf4 Rxf4 20. Rf1 Raf8 21.
Rxf4 Rxf4 22. Nb3 Rf3 23. Nc1 Bh3 24. Rf2 Re3+ 25. Re2 Bg4 26. Rxe3 dxe3 27. h3
Bxh3 28. Ke2 g5 29. Kxe3 g4 30. Ne2 h5 31. Ng3 h4 32. Nf5 g3 33. Nxh4 Kg7 34.
Kf3 g2 35. Nxg2 Bxg2+ 36. Kxg2 Kf6 37. d4 b6 38. a4 c5 39. bxc5 bxc5 40. dxc5
dxc5 41. Kf3 Ke5 42. Ke3 a5 43. Kd3 Kf4 44. e5 Kxe5 45. Ke3 Kd6 1/2-1/2

[Event "AUTO-OPEN-1178"]
[Site "http://www.queenalice.com/game.php?id=425151"]
[Date "2008.6.29"]
[Round "1"]
[White "Coronado"]
[Black "camilleetgeorges"]
[Result "0-1"]
[WhiteElo "1608"]
[BlackElo "1713"]

1. e4 e6 2. d4 d5 3. e5 c5 4. Nf3 a6 5. a4 Nc6 6. c4 cxd4 7. Nxd4 Nxe5 8. Na3
Nf6 9. Bg5 Be7 10. Bxf6 Bxf6 11. Bd3 Qa5+ 12. Qd2 Qxd2+ 13. Kxd2 Nxc4+ 14. Bxc4
dxc4 15. Kc3 Bxd4+ 16. Kxd4 O-O 17. Nxc4 Bd7 18. Rhd1 Rfd8 19. b3 Bc6+ 20. Kc3
Kf8 21. g4 Bf3 22. Rxd8+ Rxd8 23. Ne5 Bg2 24. f4 f6 25. Nd3 Rc8+ 26. Kb2 Be4 27.
Rc1 Rxc1 28. Nxc1 h6 29. Kc3 Ke7 30. Kd4 Bc2 31. h4 g5 32. hxg5 hxg5 33. Ne2
Bxb3 34. a5 Bd1 35. Ke3 Bxe2 36. Kxe2 gxf4 37. Kd3 e5 38. Ke4 Ke6 39. Kd3 Kd6
40. Ke4 Ke6 41. Kf3 f5 42. gxf5+ Kxf5 43. Ke2 e4 44. Kf2 e3+ 45. Kf3 Ke5 46. Kg2
Ke4 47. Kf1 f3 0-1

[Event "AUTO-OPEN-1178"]
[Site "http://www.queenalice.com/game.php?id=425166"]
[Date "2008.6.29"]
[Round "1"]
[White "Coronado"]
[Black "Football_rules"]
[Result "1-0"]
[WhiteElo "1605"]
[BlackElo "1591"]

1. e4 e5 2. Bc4 d6 3. Nf3 h6 4. O-O Be6 5. Na3 a6 6. d4 d5 7. exd5 Bxd5 8. dxe5
Ne7 9. b4 Ng6 10. Bxd5 c6 11. Bxf7+ Ke7 12. Bxg6 Qc7 13. e6 c5 14. Ng5 Nc6 15.
Nf7 Rg8 16. Nc4 Kxe6 17. Re1+ Kf6 18. Qg4 Ne7 19. Re6# 1-0

[Event "AUTO-OPEN-1178"]
[Site "http://www.queenalice.com/game.php?id=425167"]
[Date "2008.6.29"]
[Round "1"]
[White "Football_rules"]
[Black "Coronado"]
[Result "0-1"]
[WhiteElo "1675"]
[BlackElo "1589"]

1. e4 e5 2. d3 d5 3. Nc3 d4 4. Nd5 Nf6 5. c4 Bc5 6. Nf3 O-O 7. h3 Nfd7 8. Ng5 c6
9. Qh5 h6 10. Qg4 cxd5 11. Nf3 Nf6 12. Qg3 Bb4+ 13. Bd2 Bxd2+ 14. Nxd2 dxc4 15.
dxc4 Qa5 16. Bd3 Nc6 17. a3 a6 18. O-O Qxd2 19. Rad1 Qxb2 20. Ra1 b5 21. Rfb1
Qc3 22. cxb5 axb5 23. Bxb5 Qxg3 24. fxg3 Na5 25. a4 Nxe4 26. Kh2 Nc3 27. Rb2 Rb8
28. Rf2 e4 29. Raf1 d3 30. Rf4 d2 31. Be2 Nxe2 32. Rxe4 Nc3 33. Rd4 d1=Q 34.
Rfxd1 Nxd1 35. Rxd1 Nc4 36. Ra1 Rb2 37. a5 Ne3 38. Rg1 Bb7 39. h4 Rxg2+ 40. Rxg2
Bxg2 41. a6 Ra8 42. g4 Rxa6 43. g5 Ra1 44. gxh6 Rh1+ 45. Kg3 Rh3+ 46. Kf2 gxh6
47. h5 Be4 48. Ke2 f5 49. Kf2 f4 50. Ke2 Nc4 51. Kf2 f3 52. Kg1 Nd2 53. Kf2 Rh1
54. Ke3 Rh2 55. Kf4 f2 56. Kg3 f1=Q 57. Kxh2 Qg2# 0-1

[Event "AUTO-ADV-957"]
[Site "http://www.queenalice.com/game.php?id=425686"]
[Date "2008.6.30"]
[Round "1"]
[White "od_xavier"]
[Black "Coronado"]
[Result "0-1"]
[WhiteElo "1711"]
[BlackElo "1638"]

1. e4 e5 2. Nf3 Nc6 3. Bb5 Bc5 4. O-O Nf6 5. d3 O-O 6. Bg5 d5 7. Nc3 Be6 8. Bxc6
bxc6 9. Nxe5 Qd6 10. Nf3 dxe4 11. Bxf6 exf3 12. Qxf3 gxf6 13. Qxf6 Bd4 14. Qg5+
Bg7 15. Rae1 Rab8 16. Ne4 Qd8 17. Qg3 Rxb2 18. Ng5 Bxa2 19. Re4 Rxc2 20. Rg4 f5
21. Rh4 h6 22. Rxh6 f4 23. Qg4 Rf6 24. Rh7 Rg6 25. Qxf4 Qxg5 26. Qxg5 Rxg5 27.
Rh4 Bd5 28. g3 Re2 29. Ra1 Rge5 30. Kf1 Re6 31. Rha4 Bxa1 32. Rxa1 Ra2 33. Rb1
Ree2 34. Rb7 Rxf2+ 35. Ke1 Rxh2 36. Rb8+ Kf7 37. Kf1 Ra1+ 38. Rb1 Rxb1# 0-1

[Event "AUTO-ADV-957"]
[Site "http://www.queenalice.com/game.php?id=425687"]
[Date "2008.6.30"]
[Round "1"]
[White "Coronado"]
[Black "od_xavier"]
[Result "0-1"]
[WhiteElo "1657"]
[BlackElo "1692"]

1. e4 e5 2. Bc4 Nf6 3. Nf3 Bc5 4. O-O Nc6 5. Ng5 O-O 6. c3 d6 7. Qb3 d5 8. exd5
Nxd5 9. d4 exd4 10. Bxd5 Ne5 11. Rd1 d3 12. h4 c6 13. Be4 Be6 14. Nxe6 Bxf2+ 15.
Kxf2 Qxh4+ 16. Kf1 fxe6+ 17. Kg1 Ng4 18. Qxe6+ Kh8 19. Qxg4 Qxg4 20. Re1 Rae8
21. Nd2 Qe2 22. Nf3 Qc2 23. Bd2 Qxb2 24. Bxd3 Rxe1+ 25. Rxe1 Qxa2 26. Re2 a5 27.
Ne5 a4 28. Bc4 Qc2 29. Nd7 Rd8 30. Kh2 a3 31. Bg5 Qxe2 32. Bxe2 a2 33. Bxd8 a1=Q
34. c4 Qd4 35. Bg4 Qxg4 36. Ne5 Qf4+ 37. g3 Qxe5 38. Bb6 Qb2+ 0-1

[Event "AUTO-ADV-957"]
[Site "http://www.queenalice.com/game.php?id=425702"]
[Date "2008.6.30"]
[Round "1"]
[White "reginaldox"]
[Black "Coronado"]
[Result "0-1"]
[WhiteElo "1795"]
[BlackElo "1621"]

1. b4 e5 2. Bb2 d5 3. Bxe5 Bxb4 4. Bxg7 Nh6 5. Bxh8 f6 6. c3 Ba5 7. d4 Qd6 8.
Qd2 Qf8 9. Bxf6 Qxf6 10. Nf3 Nd7 11. e3 c5 12. Be2 c4 13. O-O Qg6 14. Qb2 Bb6
15. Nbd2 Nf6 16. Ne5 Qg7 17. g3 Bh3 18. Rfe1 O-O-O 19. Bf1 Bf5 20. Bg2 Nhg4 21.
a4 Qh6 22. h4 Nxe5 23. dxe5 Ng4 24. a5 Bc5 25. Rab1 Qa6 26. Ra1 Nxe5 27. Bf1 Kb8
28. f4 Ng4 29. Bg2 Bxe3+ 30. Kh1 Bf2 31. Re2 Bxg3 32. Rf1 Qxa5 33. Re7 b6 34.
Nf3 Qc5 35. Re2 Bd3 36. Nd4 Bxe2 37. Qxe2 Rg8 38. Bh3 h5 39. Bxg4 Rxg4 40. Qe5+
Kb7 41. Qxh5 Rxh4+ 42. Qxh4 Bxh4 43. f5 Qa3 44. f6 Qd6 45. f7 Be7 46. Nf5 Qf6
47. Kg2 Qg6+ 48. Kh1 Bf8 49. Ne3 Qh6+ 0-1

[Event "AUTO-ADV-957"]
[Site "http://www.queenalice.com/game.php?id=425703"]
[Date "2008.6.30"]
[Round "1"]
[White "Coronado"]
[Black "reginaldox"]
[Result "0-1"]
[WhiteElo "1599"]
[BlackElo "1767"]

1. e4 c5 2. Bc4 Nc6 3. Qf3 e6 4. d3 Nd4 5. Qd1 a6 6. c3 Nc6 7. Nh3 b5 8. Bb3 Nf6
9. O-O Be7 10. d4 Nxe4 11. Qg4 Nf6 12. Qxg7 Rg8 13. Qh6 Bb7 14. Bg5 Rg6 15. Qh4
Qc7 16. Bxf6 Bxf6 17. Qxh7 O-O-O 18. Qxf7 Rdg8 19. Bc2 Rxg2+ 20. Kh1 Qxh2# 0-1

[Event "AUTO-ADV-957"]
[Site "http://www.queenalice.com/game.php?id=425712"]
[Date "2008.6.30"]
[Round "1"]
[White "Xavier"]
[Black "Coronado"]
[Result "1-0"]
[WhiteElo "1832"]
[BlackElo "1644"]

1. c4 e5 2. Nc3 Bc5 3. Ne4 f5 4. Nxc5 Nf6 5. Qb3 d5 6. Nxb7 Bxb7 7. Qxb7 Nbd7 8.
cxd5 O-O 9. Qc6 Nb6 10. Qe6+ Kh8 11. Qxf5 Qxd5 12. Nf3 e4 13. Qxd5 Nbxd5 14. Ne5
c5 15. e3 Nb4 16. Rb1 Nxa2 17. Bc4 Nxc1 18. Nf7+ Kg8 19. Rxc1 Rxf7 20. Bxf7+
Kxf7 21. Rxc5 a5 22. O-O a4 23. Rfc1 Rb8 24. Rc7+ Kg6 25. R1c2 h6 26. f4 Nd5 27.
R7c6+ Kh7 28. R6c4 Nb4 29. R2c3 Nd3 30. Rxe4 Nxb2 31. f5 Rb3 32. Rxb3 axb3 33.
Rb4 h5 34. Rxb3 Nc4 35. d4 Nd6 36. d5 Nxf5 37. e4 Nd4 38. Rh3 Kg6 39. d6 Ne2+
40. Kf2 Nf4 41. Kg3 Ne6 42. Kh4 Kh6 43. d7 Ng5 44. d8=Q Nxe4 45. Qh8+ Kg6 46.
Qxh5+ Kf6 47. Rf3+ Ke6 48. Qf5+ 1-0

[Event "AUTO-ADV-957"]
[Site "http://www.queenalice.com/game.php?id=425713"]
[Date "2008.6.30"]
[Round "1"]
[White "Coronado"]
[Black "Xavier"]
[Result "1-0"]
[WhiteElo "1614"]
[BlackElo "1795"]

1. d4 f5 2. f4 Nf6 3. Nc3 e6 4. Qd3 Ng4 5. Nh3 h6 6. e4 fxe4 7. Qxe4 Qe7 8. Qg6+
Qf7 9. Qxg4 Nc6 10. Be3 Bb4 11. Bd3 h5 12. Qg5 Bxc3+ 13. Kd1 Ne7 14. bxc3 h4 15.
f5 Rh5 16. fxe6 dxe6 17. Bg6 Qxg6 18. Qxg6+ Nxg6 19. g4 Rd5 20. Nf4 Nxf4 21.
Bxf4 g5 22. Bxc7 Bd7 23. Rb1 b6 24. Kd2 Bc6 25. Rhe1 Kd7 26. Be5 Rf8 27. Kd3
Bb5+ 28. c4 Bxc4+ 29. Kxc4 Ra5 30. Kb3 Rf3+ 31. c3 Rf2 32. a4 Rf3 33. Rf1 Re3
34. Rf7+ Ke8 35. Rg7 b5 36. Kc2 a6 37. Kd2 Rf3 38. Rb4 Kf8 39. Bc7 Kxg7 40. Bxa5
Rf2+ 41. Kd3 Rxh2 42. axb5 axb5 43. Rxb5 Kg6 44. Bd8 Rh3+ 45. Kc4 Rg3 46. Rxg5+
Kf7 47. Rh5 h3 48. Bc7 Rf3 49. Bh2 Kg6 50. Kb4 Re3 51. c4 Re4 52. Rxh3 Rxg4 53.
Re3 Kf7 54. Kc5 Ke7 55. d5 Rg6 56. dxe6 Rg8 57. Kb6 Rg2 58. Bg3 Rb2+ 59. Kc6 Rg2
60. Bd6+ Ke8 61. e7 Rg4 62. c5 Ra4 63. Kb7 Rg4 64. c6 Rg8 65. Bc5 1-0

[Event "Challenge"]
[Site "http://www.queenalice.com/game.php?id=476539"]
[Date "2008.10.12"]
[Round "-"]
[White "Coronado"]
[Black "csegura"]
[Result "0-1"]
[WhiteElo "1605"]
[BlackElo "1391"]

1. e4 Nf6 2. Nc3 e5 3. Bc4 c6 4. Nf3 Bc5 5. Ng5 d5 6. exd5 Nxd5 7. Qf3 f6 8.
Nxd5 O-O 9. Nc7+ Kh8 10. Nxa8 Re8 0-1

[Event "AUTO-OPEN-1125"]
[Site "http://www.queenalice.com/game.php?id=478445"]
[Date "2008.10.17"]
[Round "2"]
[White "Coronado"]
[Black "Velasquez"]
[Result "0-1"]
[WhiteElo "1616"]
[BlackElo "1987"]

1. e4 e6 2. d4 d5 3. Nc3 c5 4. Qf3 cxd4 5. Nce2 Bb4+ 6. c3 dxc3 7. Nxc3 dxe4 8.
Qxe4 Bxc3+ 9. bxc3 Nf6 10. Qe5 Qd5 11. Nf3 O-O 12. c4 Qxe5+ 13. Nxe5 Ne4 14. Ba3
Re8 15. c5 a6 0-1

[Event "AUTO-OPEN-1125"]
[Site "http://www.queenalice.com/game.php?id=478446"]
[Date "2008.10.17"]
[Round "2"]
[White "Velasquez"]
[Black "Coronado"]
[Result "1-0"]
[WhiteElo "1985"]
[BlackElo "1618"]

1. e4 e5 2. Nf3 Nc6 3. Nc3 Be7 4. Bb5 a6 5. Bxc6 bxc6 6. Nxe5 Nf6 7. O-O O-O 8.
d4 c5 9. d5 Bb7 10. f3 c6 11. d6 Nxe4 12. Nxe4 Bf6 13. Nxf6+ Qxf6 14. Nxd7 Qe6
15. Nxf8 Rxf8 16. Re1 1-0

[Event "AUTO-OPEN-1125"]
[Site "http://www.queenalice.com/game.php?id=478447"]
[Date "2008.10.17"]
[Round "2"]
[White "Coronado"]
[Black "Harir"]
[Result "0-1"]
[WhiteElo "1614"]
[BlackElo "2147"]

1. e4 e5 2. Bc4 Nf6 3. Nc3 Bc5 4. Nf3 Nc6 5. O-O O-O 6. Nd5 Nxe4 7. d3 Nf6 8. c3
Na5 9. Nxe5 d6 10. Nf3 Nxc4 11. dxc4 Nxd5 0-1

[Event "AUTO-OPEN-1125"]
[Site "http://www.queenalice.com/game.php?id=478448"]
[Date "2008.10.17"]
[Round "2"]
[White "Harir"]
[Black "Coronado"]
[Result "1-0"]
[WhiteElo "2148"]
[BlackElo "1612"]

1. e4 e5 2. Nf3 Nc6 3. Bc4 Be7 4. O-O Nf6 5. Nc3 O-O 6. d3 a6 7. Nd5 b5 8. Nxf6+
Bxf6 9. Bd5 Rb8 10. a4 Nd4 11. Nxd4 1-0